| 000 | 00669cab a2200229 4500 | ||
|---|---|---|---|
| 001 | WB3309-53 | ||
| 008 | 090401t1997 xxu||||| |||| 00| 0 eng d | ||
| 035 | _a(Sirsi) u60004 | ||
| 041 | _aeng | ||
| 245 | _aLabour plans to outlaw gazumping | ||
| 260 | _c1997 | ||
| 350 | _a0 | ||
| 490 |
_aIndependent _v26 February 1997, 6 |
||
| 490 |
_aFinancial Times _v26 February 1997, 10(2) |
||
| 520 | _aDetails of Labour Party proposals to introduce legislation to outlaw gazumping if it comes to power. | ||
| 650 | _aGAZUMPING | ||
| 650 | _aHOUSE SALES | ||
| 650 | _aLABOUR PARTY POLICY | ||
| 690 | _aPROPERTY LAW AND PRACTICE | ||
| 942 | _n0 | ||
| 948 | _c04/03/1997 | ||
| 999 |
_c36937 _d36937 |
||